Statistics for 100 Questions about China

Click here to take the quiz!

General Stats

  • This quiz has been taken 148 times
  • The average score is 56 of 100

Answer Stats

Hint Answer % Correct
CapitalBeijing
98%
Biggest city (city proper)Shanghai
96%
2nd-longest river{Yellow} River
95%
Seas that border China{Yellow} Sea
93%
Most spoken language in the worldMandarin
92%
Official namePeople's Republic of China
90%
Island which thinks it's not part of ChinaTaiwan
88%
Current leaderXi Jinping
87%
Founding fatherMao Zedong
87%
Language mostly spoken in southern ChinaCantonese
85%
Annexed by China in 1951Tibet
83%
It is said that this can be seen from the moonGreat Wall of China
82%
Small neighboring country with an aggressive leaderNorth Korea
82%
Longest riverYangtze
81%
National animal (real)Giant Panda
81%
The two autonomous regionsHong Kong
80%
Imperial palace once home to many Chinese emperors{Forbidden} City
79%
The twelve zodiac signsDragon
78%
Year China hosted the Olympics2008
78%
Biggest city (urban area)Guangzhou
77%
The Four Great InventionsPapermaking
75%
CurrencyRenminbi
75%
The two autonomous regionsMacau
71%
Ethnic group constituting 92% of China's populationHan
70%
The twelve zodiac signsDog
70%
Leading partyCommunist Party
70%
Starting point of the Silk RoadXi'an
69%
Seas that border China{South} {China} Sea
69%
The Four Great InventionsGunpowder
69%
Its capitalLhasa
68%
Best-known Chinese basketball playerYao Ming
67%
Current Prime MinisterLi Keqiang
67%
Last imperial dynasty{Qing} Dynasty
66%
Martial artist known for his fighting style, The Karate KidJackie Chan
66%
Highest mountainMount Everest
65%
Despite the common belief, these cookies were invented in the US{Fortune} cookies
65%
Name for 8,000 artificial soldiers in ^Terracotta Army
65%
The twelve zodiac signsPig
65%
The twelve zodiac signsMonkey
65%
The twelve zodiac signsRat
64%
Hello, in ChineseNi Hao (你好)
63%
Square in the capital, Tank ManTiananmen
62%
Alternative medicine with needles in the bodyAcupuncture
62%
Biggest islandHainan
62%
Mass murder committed by Japanese in the Chinese capital back in 1937Rape of Nanjing
61%
First leader of this island nationChiang Kai-shek
61%
The twelve zodiac signsTiger
60%
Green gemstoneJade
60%
Important holiday starting at the beginning of the lunar calendarChinese New Year
59%
Time of change, 1966-1976{Cultural} Revolution
59%
The twelve zodiac signsHorse
58%
The twelve zodiac signsSnake
57%
Chinese alternative to cutleryChopsticks
56%
Large smartphone manufacturerHuawei
56%
Founder of TaoismLaozi
54%
Biggest city in ^, known for its Snow Sculpture FestivalHarbin
53%
Biggest city in western ChinaÜrümqi
53%
The Four Great InventionsCompass
53%
Plan of ^ to increase China's economy, killed millionsGreat Leap Forward
52%
Opposite forces, according the Chinese philosophyYin and Yang
51%
The twelve zodiac signsGoat
51%
The twelve zodiac signsRooster
51%
Very controversial population planning policyOne-child policy
50%
Most famous martial artKung Fu
49%
Year of formation1949
48%
Seas that border China{East} {China} Sea
47%
Most populous city in central ChinaWuhan
46%
Most common surnameWang
46%
River of the above{Pearl} River
46%
Light sources often associated with China, mostly made of paperLanterns
45%
Anti-foreign uprising between 1899 and 1901{Boxer} Rebellion
45%
Leader from 1978 to 1989, known for his 'opening' of ChinaDeng Xiaoping
45%
National sportTable Tennis
45%
The twelve zodiac signsRabbit
45%
Form of aesthetically pleasing writingCalligraphy
44%
The Four Great InventionsPrinting
44%
Name to describe the northern parts of ChinaManchuria
44%
Turkic ethnic group living in this cityUyghur
43%
Dish made of a special type of bird, mostly from the capitalPeking Duck
42%
Name for Chinese tropical cyclonesTyphoon
42%
^, in Chinese (pinyin)Huang He
40%
Huge dam, world's largest power station{Three} {Gorges} Dam
39%
The twelve zodiac signsOx
39%
Staple food made from doughNoodles
36%
Traditional dance, operated by just two dancers{Lion} dance
33%
Activist who was arrested for government-critical statements in 2011Ai Weiwei
33%
Religious complex where people prayed for good harvestTemple of {Heaven}
30%
Major problem of Chinese citiesSmog
29%
Tiered tower with multiple eavesPagoda
29%
Famous Chinese religion with more than 100 million followersConfucianism
28%
Transport technology which uses magnetic levitationMaglev
26%
World's largest retailerAlibaba Group
25%
Flat platforms on a slope, mostly used to grow riceTerraces
25%
Largest lake{Qinghai} Lake
16%
The US has astronauts, Russia has cosmonauts, China has ...Taikonauts
12%
First aircraft carrierLiaoning
9%
Lowest point{Turpan} Depression
5%
Famous karst formation, sometimes known as ShilinStone Forest
3%
Highest bridge in the world{Duge} Bridge
3%
Line dividing China in two equal parts, 94% of the people live east of this line{Heihe}-{Tengchong} Line
2%

Score Distribution

Percentile by Number Answered

Percent of People with Each Score

Your Score History

You have not taken this quiz